Sounds English : A pronunciation practice book /
Kaydedildi:
| Yazar: | |
|---|---|
| Diğer Yazarlar: | |
| Materyal Türü: | Sách giấy |
| Dil: | English |
| Baskı/Yayın Bilgisi: |
TP. HCM :
Tổng hợp,
[199?].
|
| Konular: | |
| Etiketler: |
Etiketle
Etiket eklenmemiş, İlk siz ekleyin!
|
| Thư viện lưu trữ: | Thư viện Trường Đại học Đà Lạt |
|---|
| LEADER | 00779nam a2200325 4500 | ||
|---|---|---|---|
| 001 | DLU110119976 | ||
| 005 | ##20110419 | ||
| 040 | # | # | |a DLU |b vie |
| 041 | # | # | |a eng |
| 044 | # | # | |a vn |
| 082 | # | # | |a 428.1 |b OC-J |
| 100 | # | # | |a O'Connor, J. D. |
| 245 | # | # | |a Sounds English : |b A pronunciation practice book / |c J. D. O'Connor, Clare Fletcher. |
| 260 | # | # | |a TP. HCM : |b Tổng hợp, |c [199?]. |
| 300 | # | # | |a 125 tr. ; |c 24 cm. |
| 653 | # | # | |a English language |
| 653 | # | # | |a Phonetics |
| 653 | # | # | |a Pronunciation |
| 700 | # | # | |a Fletcher, Clare. |
| 923 | # | # | |a 01/2011NN |
| 991 | # | # | |a GT |
| 992 | # | # | |a 0 |
| 994 | # | # | |a KNN |
| 900 | # | # | |a True |
| 911 | # | # | |a Đào Thị Thu Huyền |
| 925 | # | # | |a G |
| 926 | # | # | |a A |
| 927 | # | # | |a SH |
| 980 | # | # | |a Thư viện Trường Đại học Đà Lạt |